000
00325nam a2200133Ia 4500
008
191201s2007 xx 000 0 und d
082
_a
005.133
_b
TOC
100
_a
TONPO, Clovisl
245
0
_a
C++ Primer Answer Book
260
_a
N.Delhi
_b
Pearson Education
_c
2007
300
_a
594
650
_a
B.Tech(IT)
942
_2
ddc
_c
BK
999
_c
3034
_d
3034